| 000 | 00000nam##2200000za#4500 |
| 001 | 9.613531 |
| 003 | CaOODSP |
| 005 | 20200327131222 |
| 007 | ta |
| 008 | 150406|1996||||xxc||||| f|0| 0 eng|d |
| 022 | |a0706-6457 |
| 040 | |aCaOODSP|beng |
| 043 | |an-cn--- |
| 086 | 1 |aFs97-6/2137E |
| 110 | 1 |aCanada. |bDepartment of Fisheries and Oceans. |
| 245 | 10|aTemperature, salinity and water clarity of the Miramichi Estuary, New Brunswick : |ba comparison of conditions in 1951 and 1992 / |cby A. Locke and S. Courtenay. |
| 260 | |aOttawa - Ontario : |bFisheries and Oceans Canada |c1996. |
| 300 | |aiv, 23p. : |bgraphs, map, references, table ; |c28 cm. |
| 490 | 1 |aCanadian technical report of fisheries and aquatic sciences|x0706-6457|v2137 |
| 500 | |aPrepared at the Science Branch, Fisheries and Oceans, P.O. Box 5030, Moncton, New Brunswick E1C 9B6. |
| 546 | |aRésumés en français |
| 563 | |aSoftcover |
| 590 | |a97-01|b1997-01-03 |
| 720 | 1 |aLocke, A. |
| 720 | 1 |aCourtenay, S. |
| 776 | 0#|tTemperature, salinity and water clarity of the Miramichi Estuary, New Brunswick : |w(CaOODSP)9.574104 |
| 830 | #0|aCanadian technical report of fisheries and aquatic sciences,|x0706-6457|v2137|w(CaOODSP)9.514691 |